| 000 | 00548nam a2200193Ia 4500 | ||
|---|---|---|---|
| 999 |
_c42026 _d42026 |
||
| 003 | GCL | ||
| 005 | 20240530103729.0 | ||
| 008 | 140319s9999 xx 000 0 ara d | ||
| 040 |
_aGCL / _cGCL |
||
| 082 | 0 | 4 |
_a020 _bم د |
| 100 | 1 | _aمحمود محمود عفيفى | |
| 245 | 1 | 0 |
_aدراسات فى علم المعلومات / _cمحمود محمود عفيفى |
| 300 | _a72 ص | ||
| 490 |
_aكتاب _v0 |
||
| 650 | 0 | 4 | _aطرق البحث |
| 650 | 0 | 4 | _aنظم المعلومات |
| 650 | 0 | 4 | _aالمعلومات، علم |
| 942 |
_2ddc _cBK |
||